| 000 | 00406pam a2200157a 44500 | ||
|---|---|---|---|
| 008 | 230515b1996 xxu||||| |||| 00| 0 eng d | ||
| 020 | _aNULL | ||
| 041 | _aENGL | ||
| 082 | _a621.38042/ PRO | ||
| 100 | _aPROKIS J G . & MANOLAKIS D. | ||
| 245 | _aDIGITAL SIGNAL PROCESSING : PRINCIPLE ALGORITHM AND APPLICATION | ||
| 250 | _aN.D. | ||
| 260 |
_aNULL _bPRENT _c1996 |
||
| 300 | _a968 PB | ||
| 650 | _aNULL | ||
| 999 |
_c634578 _d634578 |
||